| 000 | 00716nam a2200229 a 4500 | ||
|---|---|---|---|
| 001 | 000018256 | ||
| 005 | 20200929165425.0 | ||
| 008 | 890626s1990 sp a 000 pdspa d | ||
| 082 |
_a861 _bC961p, 1990 |
||
| 245 | 0 | 0 | _aCuadernos de poesía nueva. |
| 250 | _a71a ed. | ||
| 260 |
_aMadrid : _bAsociación Prometeo de Poesía, _c1990. |
||
| 300 |
_a71 p. : _bil. ; _c21 cm. |
||
| 500 | _aIncluye referencias bibliográficas de cada autor individual. | ||
| 500 | _aIncluye microbiografías. | ||
| 500 | _aIncluye índice de poemas. | ||
| 650 | 4 |
_aPoesía española _ySIGLO XX _99197 |
|
| 650 | 4 |
_aLiteratura española _ySIGLO XX _93326 |
|
| 910 | _aCatalogación derivada | ||
| 049 | _aBNGR | ||
| 999 |
_c17777 _d17777 |
||
| 040 | _aDO-SdBNP | ||